[Event "16th ECh U20 Girls"]
[Site "Patras GRE"]
[Date "1999.10.08"]
[Round "4"]
[White "Bogza, Adina"]
[Black "Dacalor, Aurelie"]
[Result "1-0"]
[WhiteElo "2210"]
[BlackElo "2131"]
[EventDate "1999.10.02"]
[PlyCount "109"]

1.d4 Nf6 2.Nf3 d5 3.Bg5 Ne4 4.Bf4 c5 5.dxc5 Qa5+ 6.c3 Qxc5 7.e3 Bg4 8.Qb3 
Qb6 9.Bxb8 Qxb3 10.axb3 Rxb8 11.Ne5 Bd7 12.Rxa7 e6 13.Nd2 Nxd2 14.Kxd2 Bc5
15.Ra2 Bc8 16.Bb5+ Ke7 17.Nd3 Bb6 18.c4 d4 19.e4 f6 20.Rha1 h5 21.c5 Bc7 
22.Ra7 Bxh2 23.c6 Bd6 24.b4 Kd8 25.Ra8 Rxa8 26.Rxa8 Kc7 27.cxb7 Kxb7 28.
Ra6 Rd8 29.Nc5+ Kb8 30.Ra5 Bb7 31.Kd3 Bc7 32.Ra1 Rd6 33.Bc4 e5 34.b5 g6 
35.b4 f5 36.f3 f4 37.Be6 Bb6 38.Bh3 Kc7 39.Rc1 Bxc5 40.bxc5 Rd8 41.c6 Bc8 
42.Bxc8 Rxc8 43.Ra1 Kd6 44.Kc4 g5 45.Ra7 g4 46.Rd7+ Ke6 47.Rh7 gxf3 48.
gxf3 h4 49.Rh6+ Ke7 50.Rxh4 Rd8 51.b6 d3 52.c7 Rd4+ 53.Kc5 d2 54.c8=Q d1=Q
55.Rh7+ 1-0

[Event "16th ECh U20 Girls"]
[Site "Patras GRE"]
[Date "1999.10.08"]
[Round "4"]
[White "Jurkiewicz, Katarzyna"]
[Black "Batyte, Daiva"]
[Result "1-0"]
[WhiteElo "2225"]
[BlackElo "2107"]
[EventDate "1999.10.02"]
[PlyCount "117"]

1.e4 e6 2.d4 d5 3.Nc3 Nf6 4.Bg5 Be7 5.e5 Nfd7 6.Bxe7 Qxe7 7.f4 a6 8.Nf3 c5
9.dxc5 Qxc5 10.Qd2 Nc6 11.O-O-O b5 12.Ne2 Nb6 13.Ned4 Bd7 14.Nxc6 Qxc6 15.
Bd3 Nc4 16.Qe2 Qb6 17.Kb1 h6 18.h4 Rc8 19.Rh3 b4 20.h5 Ba4 21.Ne1 Ke7 22.
Rg3 Rhg8 23.Bh7 Rh8 24.Bd3 Rhg8 25.Rf3 Qd4 26.Bxc4 Qxc4 27.Qd2 Qe4 28.b3 
Bb5 29.Nd3 Bxd3 30.Rxd3 a5 31.Qf2 Rc7 32.Qh4+ f6 33.Qg3 Kf7 34.f5 Qxe5 35.
fxe6+ Ke7 36.Qf3 Rgc8 37.Re3 Qg5 38.Rxd5 Rxc2 39.Rd1 R8c7 40.Rd7+ Ke8 41.
Rxc7 Rxc7 42.Re1 Qd2 43.Qe4 Ke7 44.Rh1 Qg5 45.Rd1 Qe5 46.Qg4 f5 47.Qh4+ 
Qf6 48.Qf4 Rc6 49.Qd2 Qc3 50.Qd7+ Kf6 51.Qf7+ Kg5 52.Qg6+ Kf4 53.Rf1+ Ke5 
54.Qxf5+ Kd6 55.Rd1+ Kc7 56.Qxa5+ Rb6 57.Qa7+ Kc6 58.Qd7+ Kc5 59.Qd5# 1-0

[Event "16th ECh U20 Girls"]
[Site "Patras GRE"]
[Date "1999.10.08"]
[Round "4"]
[White "Krivec, Jana"]
[Black "Polovnikova, Ekaterina"]
[Result "0-1"]
[WhiteElo "2177"]
[BlackElo "2299"]
[EventDate "1999.10.02"]
[PlyCount "102"]

1.e4 d5 2.exd5 Qxd5 3.Nc3 Qa5 4.d4 Nf6 5.Bc4 c6 6.Nf3 Bf5 7.Bd2 e6 8.Ne4 
Qc7 9.Ng3 Bg6 10.h4 Nh5 11.Ne5 Nxg3 12.fxg3 Nd7 13.Bf4 Nxe5 14.Bxe5 Qb6 
15.Bb3 h5 16.c3 O-O-O 17.O-O Bd6 18.Bxd6 Rxd6 19.Qe1 c5 20.dxc5 Qxc5+ 21.
Qf2 Qxf2+ 22.Rxf2 Rhd8 23.Re1 Kd7 24.Bc2 Bxc2 25.Rxc2 Ke7 26.Kf2 f6 27.Re4
Rd2+ 28.Re2 Rxc2 29.Rxc2 e5 30.Ke3 Ke6 31.Rf2 f5 32.Rc2 e4 33.Kf4 Rd3 34.
Rf2 g6 35.Re2 Kd5 36.g4 hxg4 37.h5 gxh5 38.Kxf5 Rg3 39.Rd2+ Rd3 40.Re2 e3 
41.g3 Rd2 42.Rxe3 Rxb2 43.Kg5 Rxa2 44.Kxh5 Ra4 45.Re7 b5 46.Rg7 a5 47.Rb7 
Kc6 48.Rb8 Re4 49.Ra8 a4 50.Rb8 a3 51.Ra8 Ra4 0-1

[Event "16th ECh U20 Girls"]
[Site "Patras GRE"]
[Date "1999.10.08"]
[Round "4"]
[White "Makka, Ioulia"]
[Black "Kucypera, Anna"]
[Result "1/2-1/2"]
[WhiteElo "2099"]
[BlackElo "2218"]
[EventDate "1999.10.02"]
[PlyCount "77"]

1.e4 c5 2.Nf3 Nc6 3.d4 cxd4 4.Nxd4 Nf6 5.Nc3 e5 6.Ndb5 d6 7.Bg5 a6 8.Na3 
b5 9.Bxf6 gxf6 10.Nd5 f5 11.c3 Bg7 12.g4 fxe4 13.Nc2 Ne7 14.Nce3 Nxd5 15.
Qxd5 Be6 16.Qc6+ Ke7 17.Nd5+ Bxd5 18.Qxd5 Qd7 19.O-O-O Rhd8 20.Qxe4 d5 21.
Qb4+ Qd6 22.Qxd6+ Rxd6 23.Bg2 Rad8 24.Rhe1 d4 25.cxd4 Rxd4 26.Rxd4 Rxd4 
27.Be4 Bh6+ 28.Kb1 Bf4 29.Bxh7 Bxh2 30.Be4 Bf4 31.f3 a5 32.a3 b4 33.Ka2 
bxa3 34.Kxa3 Bd2 35.Re2 Kd6 36.Kb3 Kc5 37.Kc2 Bf4 38.Bd3 Kb4 39.Re4 
1/2-1/2

[Event "16th ECh U20 Girls"]
[Site "Patras GRE"]
[Date "1999.10.08"]
[Round "4"]
[White "Mladenovic, Jelena"]
[Black "Potikha, Liza"]
[Result "0-1"]
[WhiteElo "2023"]
[BlackElo "2061"]
[EventDate "1999.10.02"]
[PlyCount "145"]

1.e4 e5 2.Nf3 Nc6 3.d4 exd4 4.Bc4 Nf6 5.e5 Ne4 6.O-O Be7 7.Bd5 Nc5 8.Bxc6 
dxc6 9.Nxd4 O-O 10.Be3 f6 11.exf6 Bxf6 12.c3 Qd5 13.Nd2 a5 14.a4 Bd7 15.
N2f3 Be8 16.Qe2 Bh5 17.Rfd1 Qe4 18.Qc4+ Qd5 19.Qxd5+ cxd5 20.Ne2 d4 21.
cxd4 Ne4 22.Nf4 Bxf3 23.gxf3 Ng5 24.Kg2 c6 25.Nd3 Ne6 26.Nc5 Nd8 27.Rac1 
Rf7 28.Rc2 Rc8 29.Ne4 Rd7 30.Nxf6+ gxf6 31.Rc5 b6 32.Rc3 Rd5 33.Rdc1 Kf7 
34.Rc4 Ke6 35.b4 Ra8 36.Rb1 b5 37.axb5 Rxb5 38.Ra1 Kd5 39.Rc5+ Rxc5 40.
dxc5 a4 41.Kg3 a3 42.Kg4 Ne6 43.Rd1+ Kc4 44.Kf5 Nc7 45.Kxf6 Nd5+ 46.Kg7 
Ra7+ 47.Kg8 Nxe3 48.fxe3 a2 49.Ra1 Kxb4 50.f4 Kxc5 51.f5 Kd6 52.f6 Ke6 53.
f7 Rxf7 54.Rxa2 Re7 55.Rd2 c5 56.h4 Rc7 57.h5 c4 58.Rc2 Kd5 59.h6 c3 60.
Rxc3 Rxc3 61.Kxh7 Ke6 62.Kg7 Rc7+ 63.Kg6 Rc1 64.h7 Rg1+ 65.Kh6 Kf7 66.
h8=N+ Kf6 67.Kh7 Rg7+ 68.Kh6 Rg8 69.Kh7 Rg7+ 70.Kh6 Rg3 71.Kh7 Rxe3 72.Kg8
Rg3+ 73.Kf8 0-1

[Event "16th ECh U20 Girls"]
[Site "Patras GRE"]
[Date "1999.10.08"]
[Round "4"]
[White "Pokorna, Regina"]
[Black "Kalinina, Vladislava"]
[Result "1-0"]
[WhiteElo "2091"]
[BlackElo "2239"]
[EventDate "1999.10.02"]
[PlyCount "83"]

1.e4 c5 2.Nf3 Nc6 3.d4 cxd4 4.Nxd4 Nf6 5.Nc3 e5 6.Ndb5 d6 7.a4 a6 8.Na3 
Be6 9.Bc4 Rc8 10.O-O Be7 11.Bg5 O-O 12.Bxf6 Bxf6 13.Nd5 Bg5 14.c3 Kh8 15.
Qd3 Ne7 16.Rfd1 Bg4 17.f3 Bd7 18.Nxe7 Bxe7 19.Nc2 Qc7 20.Bd5 f5 21.a5 fxe4
22.Bxe4 Bb5 23.Qd2 Bc6 24.Bd5 Rf4 25.Nb4 Bd7 26.Qe3 g5 27.Qa7 g4 28.Nd3 
Rff8 29.Qxb7 gxf3 30.Qxc7 Rxc7 31.Bxf3 Bf5 32.Nb4 e4 33.Be2 Bd8 34.Rxd6 
Rg7 35.Rf1 Rfg8 36.Rxd8 Rxd8 37.Rxf5 Rdg8 38.g3 Rd7 39.Rd5 Re7 40.Nxa6 Rf8
41.Nb4 Ref7 42.Re5 1-0

[Event "16th ECh U20 Girls"]
[Site "Patras GRE"]
[Date "1999.10.08"]
[Round "4"]
[White "Redondo Arguelles, Graciela"]
[Black "Hitzgerova, Gabriela"]
[Result "0-1"]
[WhiteElo "2067"]
[BlackElo "2208"]
[EventDate "1999.10.02"]
[PlyCount "82"]

1.e4 d6 2.d4 Nf6 3.Nc3 g6 4.Bg5 c6 5.f4 Qa5 6.Qd2 b5 7.e5 b4 8.exf6 bxc3 
9.Qxc3 Qxc3+ 10.bxc3 e6 11.Nf3 Kd7 12.Bd3 Kc7 13.O-O Ba6 14.Bxa6 Nxa6 15.
Rab1 Rb8 16.Rb3 Rb6 17.Rfb1 Nb8 18.Nd2 d5 19.c4 c5 20.cxd5 exd5 21.Nf3 Nd7
22.Ne5 Nxe5 23.dxe5 c4 24.Rxb6 Bc5+ 25.Kf1 axb6 26.c3 Ra8 27.Rb2 Kc6 28.
Bh4 Ra3 29.Rc2 b5 30.Be1 Ra4 31.g4 d4 32.cxd4 Bxd4 33.Bf2 Kc5 34.Bxd4+ 
Kxd4 35.Ke2 Ke4 36.Rb2 Kxf4 37.e6 fxe6 38.f7 Ra8 39.Rxb5 Rxa2+ 40.Kd1 Ra8 
41.Rb7 Kxg4 0-1

[Event "16th ECh U20 Girls"]
[Site "Patras GRE"]
[Date "1999.10.08"]
[Round "4"]
[White "Virnik, Elena"]
[Black "Palotai, Piroska"]
[Result "1/2-1/2"]
[WhiteElo "2154"]
[BlackElo "2072"]
[EventDate "1999.10.02"]
[PlyCount "69"]

1.e4 e5 2.Nf3 Nc6 3.Bb5 Nf6 4.O-O Nxe4 5.d4 Nd6 6.Bxc6 dxc6 7.dxe5 Nf5 8.
Qxd8+ Kxd8 9.Bg5+ Be7 10.Nc3 Ke8 11.Bxe7 Nxe7 12.Nd4 a6 13.f4 c5 14.Nf3 
Bf5 15.Rf2 Rd8 16.Nh4 b6 17.Re1 Rd7 18.h3 h5 19.Nd1 Rd4 20.c3 Re4 21.Re3 
Rxe3 22.Nxe3 Be4 23.Nf3 Rh6 24.Ng5 Bb1 25.a3 f6 26.exf6 gxf6 27.Nf3 Be4 
28.Rf1 Nd5 29.Nxd5 Bxd5 30.Re1+ Kf7 31.Kf2 Rh8 32.g4 hxg4 33.hxg4 Rh3 34.
Re3 Rh1 35.g5 1/2-1/2

[Event "16th ECh U20 Girls"]
[Site "Patras GRE"]
[Date "1999.10.09"]
[Round "5"]
[White "Dacalor, Aurelie"]
[Black "Buckley, Melanie"]
[Result "1-0"]
[WhiteElo "2131"]
[BlackElo "2075"]
[EventDate "1999.10.02"]
[PlyCount "137"]

1.d4 e6 2.e4 d5 3.e5 c5 4.c3 Nc6 5.Nf3 Qb6 6.a3 c4 7.Be2 Na5 8.Nbd2 Bd7 9.
O-O Ne7 10.Re1 Qc6 11.Rb1 Qa4 12.Nf1 Nc8 13.Bg5 h6 14.Bf4 Qxd1 15.Bxd1 Nb6
16.N3d2 Rc8 17.h4 Be7 18.h5 Ba4 19.Be2 Nd7 20.g4 Rc6 21.Ne3 Kd8 22.Bg3 Nb6
23.f4 Kc8 24.Rf1 Nb3 25.Nf3 Kd7 26.Rf2 Rcc8 27.Bf1 Rcf8 28.Nh4 Nc8 29.f5 
Bg5 30.Nhg2 Ne7 31.f6 gxf6 32.exf6 Nc8 33.Bh4 Bxe3 34.Nxe3 Nd6 35.Bg2 Na5 
36.Rf4 Nb3 37.Rf2 Na5 38.Kf1 Bc6 39.Ke2 Nb3 40.Rg1 b5 41.Bf3 a5 42.Nc2 
Rfg8 43.Bg3 Nc8 44.Na1 Nxa1 45.Rxa1 Nb6 46.Bf4 Ke8 47.Rg2 Nd7 48.g5 hxg5 
49.Bxg5 e5 50.Kf2 e4 51.Be2 Nf8 52.Rag1 Bd7 53.Bh4 Rxg2+ 54.Rxg2 Ne6 55.
Ke3 Kf8 56.Bg3 Ke8 57.Bd6 Nd8 58.h6 Bf5 59.Kf4 Bg6 60.Rh2 Nc6 61.Bg4 Rh7 
62.Kg5 Nd8 63.Bc7 Nc6 64.Rg2 Rh8 65.Bf4 Nd8 66.Kh4 Rg8 67.Bf5 Ne6 68.Bxe6 
fxe6 69.Rxg6 1-0

[Event "16th ECh U20 Girls"]
[Site "Patras GRE"]
[Date "1999.10.09"]
[Round "5"]
[White "Goletiani, Rusudan"]
[Black "Bogza, Adina"]
[Result "1-0"]
[WhiteElo "2386"]
[BlackElo "2210"]
[EventDate "1999.10.02"]
[PlyCount "119"]

1.e4 d6 2.d4 Nf6 3.Nc3 g6 4.f4 Bg7 5.Nf3 O-O 6.Bd3 Nc6 7.e5 dxe5 8.dxe5 
Nd5 9.Nxd5 Qxd5 10.Qe2 Bf5 11.Bxf5 gxf5 12.Be3 f6 13.exf6 Bxf6 14.O-O Qe4 
15.Rae1 Nb4 16.Bc5 Qxe2 17.Rxe2 Nd5 18.g3 b6 19.Bd4 c5 20.Bxf6 exf6 21.Nh4
Nb4 22.c3 Nd3 23.Nxf5 Rfe8 24.Rd2 Rad8 25.Rfd1 c4 26.Nd4 a6 27.f5 Re4 28.
b3 b5 29.Kg2 Re3 30.bxc4 bxc4 31.Rb1 Nc5 32.Rc2 Ne4 33.Rb4 Rxc3 34.Rxc4 
Rxc2+ 35.Nxc2 Rd2+ 36.Kf3 Ng5+ 37.Ke3 Rxh2 38.g4 Rg2 39.a4 Rg3+ 40.Kf2 Rd3
41.Nb4 Rd6 42.a5 Nf7 43.Ke3 Nd8 44.Rc8 Kg7 45.Ra8 Kh6 46.Nxa6 Nc6 47.Nc7 
Ne5 48.a6 Nxg4+ 49.Ke4 Nf2+ 50.Kf3 Nd3 51.Re8 Ne5+ 52.Rxe5 fxe5 53.a7 Rd3+
54.Ke4 Ra3 55.a8=Q Rxa8 56.Nxa8 Kg7 57.Nb6 h5 58.Nc4 h4 59.Nxe5 h3 60.Ng4 
1-0

[Event "16th ECh U20 Girls"]
[Site "Patras GRE"]
[Date "1999.10.09"]
[Round "5"]
[White "Henriques, Sofia"]
[Black "Rezek, Anet"]
[Result "1-0"]
[WhiteElo "2018"]
[BlackElo "2105"]
[EventDate "1999.10.02"]
[PlyCount "137"]

1.e4 c5 2.Nf3 e6 3.d4 cxd4 4.Nxd4 Nf6 5.Nc3 Nc6 6.Ndb5 Bb4 7.a3 Bxc3+ 8.
Nxc3 d5 9.exd5 exd5 10.Bd3 O-O 11.O-O d4 12.Ne2 Qd5 13.h3 Re8 14.Bf4 Bf5 
15.Ng3 Bxd3 16.Qxd3 Rad8 17.Rfe1 h6 18.Rad1 Qd7 19.Nf5 Rxe1+ 20.Rxe1 Nd5 
21.Bxh6 g6 22.Nxd4 Ndb4 23.axb4 Nxd4 24.c3 Nf5 25.Qxd7 Rxd7 26.Bg5 a6 27.
Bf6 Kf8 28.g4 Nd6 29.Bd4 Nc4 30.Rb1 Ke7 31.Kg2 f6 32.b3 Nd6 33.Rd1 Ke6 34.
Bc5 Nb5 35.Rxd7 Kxd7 36.c4 Nc3 37.Bd4 Ne2 38.Bxf6 Nc1 39.Kf3 Nxb3 40.Ke3 
Kc6 41.Kd3 Nc1+ 42.Kd2 Na2 43.Be7 Kd7 44.Bf8 Ke8 45.Bc5 b6 46.Bxb6 Nxb4 
47.Ke3 Nc6 48.f4 a5 49.Bc5 a4 50.Ke4 Na5 51.Kd5 Nb3 52.Ba3 Nd2 53.Kc5 Ne4+
54.Kb4 Nf2 55.Kxa4 Nxh3 56.Bd6 Nf2 57.g5 Kd7 58.c5 Kc6 59.Kb4 Nd3+ 60.Kc4 
Ne1 61.Kd4 Nf3+ 62.Ke4 Nh4 63.Ke5 Nf3+ 64.Kf6 Nh4 65.Kf7 Kd7 66.f5 gxf5 
67.g6 f4 68.g7 Nf5 69.Bxf4 1-0

[Event "16th ECh U20 Girls"]
[Site "Patras GRE"]
[Date "1999.10.09"]
[Round "5"]
[White "Hitzgerova, Gabriela"]
[Black "Reizniece, Dana"]
[Result "0-1"]
[WhiteElo "2208"]
[BlackElo "2294"]
[EventDate "1999.10.02"]
[PlyCount "70"]

1.e4 d6 2.d4 Nf6 3.Nc3 g6 4.f4 Bg7 5.Nf3 O-O 6.Bd3 Na6 7.O-O c5 8.d5 Bg4 
9.Qe1 Nb4 10.Qh4 Bxf3 11.Rxf3 c4 12.Bxc4 Nxc2 13.Rb1 Rc8 14.Bf1 Qb6+ 15.
Kh1 h5 16.h3 Nd4 17.Rd3 Rxc3 18.Rxc3 Nxe4 19.Rc4 Nf5 20.Qe1 Bd4 21.Rxd4 
Qxd4 22.b3 Neg3+ 23.Kh2 Nxf1+ 24.Qxf1 Qxd5 25.Bb2 Rc8 26.Rc1 Rxc1 27.Qxc1 
Qc6 28.Qd2 f6 29.Qf2 Qe4 30.Bc1 b6 31.Qd2 d5 32.Bb2 d4 33.Ba3 d3 34.Bb4 
Ne3 35.Kg1 Nd5 0-1

[Event "16th ECh U20 Girls"]
[Site "Patras GRE"]
[Date "1999.10.09"]
[Round "5"]
[White "Horn, Emilia"]
[Black "Sperdokli, Elli"]
[Result "1-0"]
[WhiteElo "2003"]
[BlackElo "2124"]
[EventDate "1999.10.02"]
[PlyCount "107"]

1.e4 c5 2.Nf3 d6 3.d4 cxd4 4.Qxd4 Nc6 5.Bb5 Bd7 6.Bxc6 Bxc6 7.Bg5 Qc8 8.
O-O e5 9.Qd3 h6 10.Bh4 g5 11.Bg3 Be7 12.c4 Nf6 13.Nc3 b6 14.Nd5 Qd7 15.b4 
Bxd5 16.cxd5 O-O 17.a4 Nh5 18.Nd2 Bf6 19.b5 Rac8 20.Rac1 Rce8 21.Rc6 Rb8 
22.Nc4 Be7 23.Ne3 Ng7 24.Nf5 Nxf5 25.exf5 h5 26.f3 Kg7 27.Rfc1 Rb7 28.R1c4
Rfb8 29.Qc2 Bd8 30.Be1 Kf6 31.Bb4 Be7 32.g4 hxg4 33.fxg4 Qd8 34.Bxd6 Bxd6 
35.Rxd6+ Qxd6 36.Rc6 Rd8 37.Qc3 Re7 38.Qc1 Ree8 39.h4 gxh4 40.Qh6+ Ke7 41.
Qxh4+ Kd7 42.Rxd6+ Kxd6 43.Qf6+ Kc5 44.Qxf7 e4 45.Kf2 Kd4 46.Ke2 Rc8 47.
Qf6+ Kxd5 48.Ke3 Re5 49.Kf4 Rce8 50.Qc6+ Kd4 51.Qd7+ Kc4 52.Ke3 R8e7 53.
Qd4+ Kb3 54.f6 1-0

[Event "16th ECh U20 Girls"]
[Site "Patras GRE"]
[Date "1999.10.09"]
[Round "5"]
[White "Palotai, Piroska"]
[Black "Nill, Jessica"]
[Result "1-0"]
[WhiteElo "2072"]
[BlackElo "2168"]
[EventDate "1999.10.02"]
[PlyCount "67"]

1.e4 d6 2.Nc3 e5 3.Bc4 c6 4.d4 Qf6 5.Nge2 b5 6.Bb3 a6 7.a4 b4 8.Nb1 exd4 
9.Qxd4 Qxd4 10.Nxd4 Nf6 11.Nd2 Be7 12.Nc4 O-O 13.Nb6 Ra7 14.f3 c5 15.Ne2 
Nc6 16.Nf4 Nd4 17.Be3 Nxb3 18.cxb3 Be6 19.Nc4 d5 20.exd5 Bxd5 21.O-O-O 
Bxc4 22.bxc4 b3 23.Nd5 Nxd5 24.Rxd5 Rc8 25.Rhd1 h6 26.Rd7 Rcc7 27.Rxe7 
Rxe7 28.Bxc5 Rac7 29.Bxe7 Rxe7 30.Rd8+ Kh7 31.Kd2 Re6 32.Rd3 Rb6 33.a5 Rb4
34.Kc3 1-0

[Event "16th ECh U20 Girls"]
[Site "Patras GRE"]
[Date "1999.10.09"]
[Round "5"]
[White "Potikha, Liza"]
[Black "Virnik, Elena"]
[Result "1/2-1/2"]
[WhiteElo "2061"]
[BlackElo "2154"]
[EventDate "1999.10.02"]
[PlyCount "39"]

1.e4 c5 2.Nf3 e6 3.Nc3 a6 4.g3 d5 5.exd5 exd5 6.d4 Nf6 7.Bg5 Be6 8.Bg2 Be7
9.dxc5 O-O 10.O-O Nc6 11.Nd4 Bxc5 12.Nce2 Bg4 13.f3 Bh5 14.Kh1 Nxd4 15.
Nxd4 Qb6 16.Nb3 Ne4 17.Qxd5 Nf2+ 18.Kg1 Nh3+ 19.Kh1 Nf2+ 20.Kg1 1/2-1/2

[Event "16th ECh U20 Girls"]
[Site "Patras GRE"]
[Date "1999.10.10"]
[Round "6"]
[White "Buckley, Melanie"]
[Black "Nill, Jessica"]
[Result "1/2-1/2"]
[WhiteElo "2075"]
[BlackElo "2168"]
[EventDate "1999.10.02"]
[PlyCount "63"]

1.e4 e5 2.Bc4 Nc6 3.Nf3 d6 4.d3 Be7 5.O-O Nf6 6.Re1 O-O 7.a4 Bg4 8.c3 Qd7 
9.Nbd2 Na5 10.Ba2 c5 11.Nf1 a6 12.h3 Be6 13.Ng3 Bxa2 14.Rxa2 g6 15.b4 cxb4
16.cxb4 Nc6 17.Qb3 Rfc8 18.Bd2 Ne8 19.Ne2 Bf6 20.b5 Nd8 21.Nc3 axb5 22.
axb5 Rxa2 23.Qxa2 Ne6 24.Rb1 Nc5 25.Nd5 Bd8 26.Ne1 Nf6 27.Ne3 Qe6 28.Qxe6 
Nxe6 29.Bb4 Nc5 30.Rc1 Nfd7 31.Kf1 Ra8 32.Nc4 1/2-1/2

[Event "16th ECh U20 Girls"]
[Site "Patras GRE"]
[Date "1999.10.10"]
[Round "6"]
[White "Goletiani, Rusudan"]
[Black "Matnadze, Ana"]
[Result "0-1"]
[WhiteElo "2386"]
[BlackElo "2280"]
[EventDate "1999.10.02"]
[PlyCount "146"]

1.Nf3 Nf6 2.g3 d5 3.Bg2 c6 4.O-O Bg4 5.b3 Nbd7 6.Bb2 e6 7.d3 Bd6 8.Nbd2 
Qe7 9.a3 O-O 10.h3 Bh5 11.Qe1 e5 12.e4 dxe4 13.dxe4 a5 14.Kh1 Bxf3 15.Nxf3
a4 16.b4 c5 17.c3 Nb6 18.Qe2 Qe6 19.Rfd1 Be7 20.Bf1 Rac8 21.b5 Qb3 22.c4 
Nxc4 23.Bxe5 Nxe5 24.Nxe5 Qe6 25.Nc4 Nxe4 26.Re1 Bf6 27.Qxe4 Qxe4+ 28.Rxe4
Bxa1 29.Re7 Bf6 30.Rxb7 Rb8 31.Rd7 Rxb5 32.Kg2 Rbb8 33.Ra7 Ra8 34.Rc7 Rfc8
35.Rd7 Rd8 36.Rc7 Bd4 37.Nb6 Rab8 38.Rc6 Kf8 39.Bc4 Ke7 40.Nxa4 Rd6 41.
Rc7+ Rd7 42.Rc6 Ra7 43.Nxc5 Rxa3 44.Ne4 Ra7 45.Rd6 Be5 46.Rd5 f6 47.f4 Rb4
48.fxe5 Rxc4 49.exf6+ gxf6 50.Nf2 Rc2 51.Rf5 Ke6 52.g4 Raa2 53.Rf3 h5 54.
gxh5 Rc5 55.Kg3 Rxh5 56.Ng4 f5 57.Re3+ Kf7 58.Ne5+ Kf6 59.Nf3 Rh8 60.h4 
Rg8+ 61.Ng5 Ra4 62.Rb3 Kg6 63.Nf3 Kh5+ 64.Kf2 Kg4 65.Rc3 Rb8 66.Ng1 Rb2+ 
67.Ke3 Re4+ 68.Kd3 Re1 69.Rc8 Rd1+ 70.Ke3 f4+ 71.Ke4 Re1+ 72.Kd3 Re3+ 73.
Kd4 Rd2+ 0-1

[Event "16th ECh U20 Girls"]
[Site "Patras GRE"]
[Date "1999.10.10"]
[Round "6"]
[White "Iwaniuk, Dorota"]
[Black "Krivec, Jana"]
[Result "1/2-1/2"]
[WhiteElo "2189"]
[BlackElo "2177"]
[EventDate "1999.10.02"]
[PlyCount "90"]

1.e4 e5 2.Nf3 Nc6 3.Bb5 a6 4.Ba4 Nf6 5.O-O Be7 6.Qe2 b5 7.Bb3 O-O 8.c3 d5 
9.d3 d4 10.cxd4 Nxd4 11.Nxd4 Qxd4 12.Be3 Qd7 13.h3 Bb7 14.Nd2 Rfd8 15.Nf3 
Bd6 16.Bg5 Qe7 17.Nh4 Bc8 18.Qf3 Be6 19.Qg3 Kh8 20.Bxe6 fxe6 21.d4 Qd7 22.
dxe5 Nxe4 23.Qf4 Nxg5 24.exd6 Nf7 25.dxc7 Rdc8 26.Rac1 Ra7 27.Rfd1 Qe7 28.
Qe4 Ng5 29.Qb4 Qf6 30.Qd6 Raa8 31.Qc6 h6 32.Nf3 Nxf3+ 33.Qxf3 Qxb2 34.Qf7 
Qxa2 35.Rd7 Qb2 36.Rcd1 Qf6 37.Qxf6 gxf6 38.Re7 b4 39.Rdd7 b3 40.Rxe6 a5 
41.Rxf6 a4 42.Rxh6+ Kg8 43.Rg6+ Kf8 44.Rf6+ Kg8 45.Rg6+ Kf8 1/2-1/2

[Event "16th ECh U20 Girls"]
[Site "Patras GRE"]
[Date "1999.10.10"]
[Round "6"]
[White "Jurkiewicz, Katarzyna"]
[Black "Henriques, Sofia"]
[Result "1-0"]
[WhiteElo "2225"]
[BlackElo "2018"]
[EventDate "1999.10.02"]
[PlyCount "81"]

1.e4 e5 2.d4 exd4 3.Qxd4 Nc6 4.Qe3 Nf6 5.Bd2 g6 6.Nc3 Bg7 7.O-O-O O-O 8.
Bc4 a6 9.f4 b5 10.Bb3 d6 11.Nf3 Bb7 12.h3 Na5 13.e5 Nxb3+ 14.cxb3 Re8 15.
Qf2 Ne4 16.Nxe4 Bxe4 17.Ng5 Bb7 18.Rhe1 h6 19.Nf3 Qd7 20.Bc3 d5 21.b4 a5 
22.bxa5 b4 23.Bxb4 Qa4 24.a3 c5 25.Bd2 Ba6 26.f5 Bd3 27.Bc3 Bxf5 28.Rxd5 
Rxa5 29.Qe2 Qb3 30.Qd1 Qc4 31.Rd8 Rxa3 32.Rxe8+ Kh7 33.Qe2 Rxc3+ 34.bxc3 
Qxc3+ 35.Kd1 c4 36.Qd2 Qb3+ 37.Ke2 c3 38.Qd8 Qb2+ 39.Ke3 c2 40.Qc7 Qb3+ 
41.Kf2 1-0

[Event "16th ECh U20 Girls"]
[Site "Patras GRE"]
[Date "1999.10.10"]
[Round "6"]
[White "Kalinina, Vladislava"]
[Black "Polovnikova, Ekaterina"]
[Result "0-1"]
[WhiteElo "2239"]
[BlackElo "2299"]
[EventDate "1999.10.02"]
[PlyCount "92"]

1.e4 c6 2.d4 d5 3.e5 Bf5 4.Nc3 e6 5.g4 Bg6 6.Nge2 Qh4 7.Nf4 Bb4 8.Nxg6 
fxg6 9.h3 Nd7 10.a3 Ba5 11.b4 Bb6 12.Bf4 Nh6 13.Bg2 O-O 14.Bg3 Qe7 15.Na4 
a5 16.c3 Ra7 17.Rb1 axb4 18.axb4 Bc7 19.O-O b5 20.Nc5 Nb6 21.Bf3 Ra3 22.
Rb3 Rxb3 23.Nxb3 Nf7 24.Nc5 Ra8 25.Be2 Nc4 26.Bxc4 bxc4 27.f4 Bb6 28.Qe2 
Bxc5 29.bxc5 Ra3 30.Rb1 Qa7 31.Bh4 Ra2 32.Rb8+ Qxb8 33.Qxa2 h6 34.Be1 Qb3 
35.Qa8+ Kh7 36.Qe8 Qd1 37.Kf2 Qc2+ 38.Kg1 Qd1 39.Qxf7 Qxe1+ 40.Kg2 Qd2+ 
41.Kf1 Qxc3 42.f5 gxf5 43.Qxe6 Qxh3+ 44.Ke1 Qxg4 45.Qxc6 c3 46.Qa4 Qe4+ 
0-1

[Event "16th ECh U20 Girls"]
[Site "Patras GRE"]
[Date "1999.10.10"]
[Round "6"]
[White "Mladenovic, Jelena"]
[Black "Hitzgerova, Gabriela"]
[Result "1-0"]
[WhiteElo "2023"]
[BlackElo "2208"]
[EventDate "1999.10.02"]
[PlyCount "79"]

1.e4 d6 2.d4 Nf6 3.Nc3 g6 4.Be2 Bg7 5.h4 h5 6.Bg5 c6 7.Qd2 b5 8.a3 Qa5 9.
f3 Nbd7 10.O-O-O Rb8 11.Kb1 b4 12.Na2 c5 13.dxc5 dxc5 14.Nh3 O-O 15.Nf4 
Qa4 16.axb4 cxb4 17.Bc4 a5 18.Nxg6 Re8 19.e5 Nb6 20.Bb3 Qb5 21.exf6 exf6 
22.Bf4 Rb7 23.Rhe1 Kh7 24.Rxe8 Qxe8 25.Re1 Be6 26.Qd3 Kg8 27.Bxe6 fxe6 28.
Bg3 Rd7 29.Qe4 f5 30.Qxe6+ Qxe6 31.Rxe6 Rd1+ 32.Nc1 Nc4 33.Re1 Nxb2 34.
Rxd1 Nxd1 35.Be5 Nc3+ 36.Bxc3 Bxc3 37.Ne7+ Kf7 38.Nxf5 a4 39.Nd6+ Ke6 40.
Ne4 1-0

[Event "16th ECh U20 Girls"]
[Site "Patras GRE"]
[Date "1999.10.10"]
[Round "6"]
[White "Pokorna, Regina"]
[Black "Tkeshelashvili, Sopio"]
[Result "1-0"]
[WhiteElo "2091"]
[BlackElo "2284"]
[EventDate "1999.10.02"]
[PlyCount "165"]

1.e4 c5 2.Nf3 Nc6 3.d4 cxd4 4.Nxd4 Nf6 5.Nc3 d6 6.Bc4 e6 7.Be3 a6 8.O-O 
Qc7 9.Bb3 b5 10.Re1 Be7 11.Nxc6 Qxc6 12.Bd4 Bb7 13.Bxf6 Bxf6 14.Bd5 Qc7 
15.Bxb7 Qxb7 16.Qxd6 Rd8 17.Qg3 b4 18.e5 bxc3 19.exf6 cxb2 20.Rab1 gxf6 
21.Qc3 Rg8 22.g3 Rb8 23.Qxf6 Rg6 24.Qe5 Rg4 25.Re3 Rb4 26.Rb3 Rxb3 27.cxb3
Rd8 28.Qxb2 Qf3 29.Qc2 h5 30.Rc1 h4 31.Qc6+ Qxc6 32.Rxc6 h3 33.Kf1 Rd1+ 
34.Ke2 Rh1 35.Kf3 Kd7 36.Rxa6 Rxh2 37.Ra7+ Ke8 38.Ra8+ Ke7 39.Rh8 Rh1 40.
g4 Ra1 41.Rxh3 Rxa2 42.Rh5 Rb2 43.Rb5 Kd6 44.g5 e5 45.Rb6+ Kd5 46.Ke3 Rb1 
47.Kd3 Rg1 48.Rf6 Rxg5 49.Rxf7 Rg1 50.Rd7+ Ke6 51.Ra7 Rf1 52.Ra2 Kd5 53.
Rb2 Rh1 54.b4 Rh3+ 55.Ke2 Kc6 56.b5+ Kb6 57.Rb4 Rc3 58.f3 Ra3 59.Kf2 Kc5 
60.Re4 Kxb5 61.Rxe5+ Kc6 62.Re3 Ra2+ 63.Kg3 Kd6 64.f4 Ra1 65.Kg4 Rg1+ 66.
Kf5 Rf1 67.Kg5 Kd7 68.f5 Rg1+ 69.Kf6 Rf1 70.Kg6 Rg1+ 71.Kf7 Rf1 72.Rd3+ 
Kc7 73.f6 Rf2 74.Kg7 Rg2+ 75.Kf8 Rf2 76.Kf7 Rf1 77.Rd5 Kc6 78.Rd4 Rf2 79.
Ke7 Re2+ 80.Kf8 Rf2 81.f7 Kc5 82.Rg4 Kd6 83.Kg8 1-0

[Event "16th ECh U20 Girls"]
[Site "Patras GRE"]
[Date "1999.10.10"]
[Round "6"]
[White "Rezek, Anet"]
[Black "Horn, Emilia"]
[Result "1/2-1/2"]
[WhiteElo "2105"]
[BlackElo "2003"]
[EventDate "1999.10.02"]
[PlyCount "41"]

1.e4 e5 2.Nf3 Nc6 3.d4 exd4 4.Nxd4 Bc5 5.Nxc6 Qf6 6.Qd2 bxc6 7.Bd3 Ne7 8.
O-O Ng6 9.c3 O-O 10.Qg5 Qxg5 11.Bxg5 f6 12.Bc1 Ne5 13.Bc2 a5 14.Bf4 Ba6 
15.Re1 Rab8 16.b3 d6 17.Nd2 Rfe8 18.Nf1 Rbd8 19.Be3 Ba3 20.Rad1 d5 21.h3 
1/2-1/2

[Event "16th ECh U20 Girls"]
[Site "Patras GRE"]
[Date "1999.10.10"]
[Round "6"]
[White "Virnik, Elena"]
[Black "Kucypera, Anna"]
[Result "1-0"]
[WhiteElo "2154"]
[BlackElo "2218"]
[EventDate "1999.10.02"]
[PlyCount "83"]

1.e4 c5 2.Nf3 d6 3.d4 cxd4 4.Nxd4 Nf6 5.Nc3 g6 6.Be3 Bg7 7.f3 O-O 8.Qd2 
Nc6 9.Bc4 Bd7 10.h4 Ne5 11.Bb3 Qa5 12.O-O-O Rfc8 13.Nde2 b5 14.Kb1 Nc4 15.
Bxc4 bxc4 16.Bh6 Rab8 17.Bxg7 Kxg7 18.h5 Qa3 19.Qc1 Be6 20.Ka1 Qb4 21.Nf4 
Rh8 22.g4 a5 23.a3 Qc5 24.Rh2 Qe5 25.Re2 Rb7 26.h6+ Kg8 27.Nfd5 Bxd5 28.
exd5 Qg3 29.Qe3 Kf8 30.Rg1 Qh3 31.Qf4 g5 32.Qxg5 Rg8 33.Qf4 Nh5 34.Qf5 Rb8
35.Qd7 Re8 36.Rge1 Qh4 37.gxh5 Qf6 38.Rxe7 Qxe7 39.Rxe7 Rxe7 40.Qd8+ Re8 
41.Qxd6+ Re7 42.Ne4 1-0

[Event "16th ECh U20 Girls"]
[Site "Patras GRE"]
[Date "1999.10.10"]
[Round "6"]
[White "Zozulia, Anna"]
[Black "Palotai, Piroska"]
[Result "1-0"]
[WhiteElo "2353"]
[BlackElo "2072"]
[EventDate "1999.10.02"]
[PlyCount "113"]

1.e4 e5 2.Nf3 Nc6 3.Bb5 Nf6 4.Qe2 d6 5.c3 a6 6.Ba4 b5 7.Bc2 Bg4 8.h3 Bh5 
9.a4 b4 10.g4 Bg6 11.d4 d5 12.exd5 Qxd5 13.Bxg6 hxg6 14.c4 Qe4 15.dxe5 
Qxe2+ 16.Kxe2 Nxg4 17.Bf4 Bc5 18.Bg3 Nd4+ 19.Nxd4 Bxd4 20.Rd1 Bxb2 21.Ra2 
Bxe5 22.f4 Rxh3 23.Kf3 Bxf4 24.Kxg4 Rxg3+ 25.Kxf4 Rb3 26.Re2+ Kf8 27.Rh1 
g5+ 28.Kxg5 f6+ 29.Kf5 Kf7 30.Rhe1 g6+ 31.Kf4 Rd8 32.Re7+ Kf8 33.Nd2 Rd4+ 
34.R7e4 Rxe4+ 35.Kxe4 Rh3 36.Kd4 Rh5 37.Re6 Kf7 38.Rxa6 c5+ 39.Kd3 Rh3+ 
40.Ke4 Rh4+ 41.Ke3 Rh3+ 42.Ke2 Ra3 43.Ne4 b3 44.Nxc5 b2 45.Rb6 Rc3 46.Ne4 
Ra3 47.Rxb2 Rxa4 48.Rb7+ Kf8 49.Kd3 Ra6 50.c5 Ke8 51.Kd4 Kd8 52.Kd5 f5 53.
Nd6 Ra1 54.c6 Rd1+ 55.Ke6 Re1+ 56.Kf6 Rc1 57.Rd7# 1-0